1422 1703 1753 1625 1024 1258 1962 1136 1554 1401 1739 1966 1078 1504 1031 1638 1669 1032 1847 1586 1446 1604 1719 1573 1824 1977 1081 1704 1217 1501 1459 1702 1479 1550 1392 1196 1979 1247 1540 1970 1795 1927 1889 1035 1838 1354 1676 1425 1790 1480 1110 1020 1477 1787 1088 1381 1703 1758 1938 1696 1329 1071 1105 1159 1473 1076 1316 1673 1365 1810 1215 1336 1499 1508 1887 1210 1254 1220 1780 1253 1020 1836 1428 1130 1968 1246 1131 1100 1676 1065 1814 1778 1559 1427 1378 1591 1010 1735 1935 BCNSPRNW ULIB Ver.6.0+V

เปลี่ยนเป็นภาษาไทย

Change to English
 แสดงรายละเอียดบรรณานุกรม
  กลับหน้าหลัก

Brief Record : Get Marc (ISO 2709) : E-mail record : QR code < ปิดหน้าต่าง
LEADER : 00000nam 2200000uu 4500
001    13399125073
003     ULIB
008    160610s2558||||th 000 0 tha d
020    ^a9786169197614
060 04 ^aWS115^bร861ภ
100 0  ^aเรืองวิทย์ ตันติแพทยางกูร, บรรณาธิการ
245 10 ^aโภชนาการเด็กร่วมสมัย 2015 /^cเรืองวิทย์ ตันติแพทยางกูร, บรรณาธิการ
250    ^aพิมพ์ครั้งที่ 1
260    ^aกรุงเทพฯ :^bชมรมโภชนาการเด็กแห่งประเทศไทย,^c2558
300    ^a187 หน้า :^bภาพประกอบ ; ตาราง ;^c20.5 ซม.
505 0  ^a1. Optional ingredients in modern infant formulas
505 0  ^a2. Fine-tuning nutrition for NICU veterans
505 0  ^a3. โภชนาการในภาวะรั่วของน้ำเหลืองไขมันปน
505 0  ^a4. Nutrition for children with type 1 diabetes
505 0  ^a5. โภชนบำบัดสำหรับผู้ป่วยเด็กที่เป็นเบาหวานชนิดที่ 1
505 0  ^a6. อาหารกระตุ้นน้ำนม
505 0  ^a7. มุมมองด้านโภชนาการในเด็กติดเชื้อเอชไอวี
505 0  ^a8. การประเมินภาวะโภชนาการในผู้ป่วยใน
505 0  ^a9. การคัดกรองทางโภชนาการสำหรับผู้ป่วยเด็กในโรงพยาบาล
505 0  ^a10. Parenteral nutrition-associated liver disease
505 0  ^a11. ผลิตภัณฑ์เสริมอาหารที่ใช้ลดความอ้วน
650  7 ^aโภชนาการเด็ก
650  7 ^aกุมารเวชศาสตร์
700 0  ^aนฤมล เด่นทรัพย์สุนทร, บรรณาธิการ
700 0  ^aศิรินุช ชมโท, บรรณาธิการ
945    ^p200^l0^i001266
945    ^p200^l0^i001267
945    ^p200^l0^i001268
999    ^aเกษร โพธิ์สุวรรณ
รายการนี้ยังไม่มีแท็ก
คุณยังไม่ได้ล็อกอิน คุณสามารถมีกิจกรรมร่วมกับเว็บไซต์ได้ แต่ต้องล็อกอินก่อน ::
  ล็อกอิน

รายการสื่อสารสนเทศ

ลำดับที่ ประเภท เลขเรียก/บาร์โค้ด สถานที่ สถานะ
1. วิทยาศาสตร์การแพทย์ และสุขภาพ
หนังสือสำรอง
สถานะ=หนังสือสำรอง
WS115 ร861ภ ฉ.1 
  Barcode: 001266
ห้องสมุดวิทยาเขตสวรรค์ประชารักษ์
►หนังสือทั่วไป
บนชั้น
2. วิทยาศาสตร์การแพทย์ และสุขภาพ
วิทยาศาสตร์การแพทย์ และสุขภาพ
สถานะ=หนังสือเก่า
WS115 ร861ภ ฉ.2 
  Barcode: 001267
ห้องสมุดวิทยาเขตสวรรค์ประชารักษ์
►ส่วนจัดเก็บหนังสือเก่า สปร
บนชั้น
  ขอยืม
3. วิทยาศาสตร์การแพทย์ และสุขภาพ
วิทยาศาสตร์การแพทย์ และสุขภาพ
สถานะ=หนังสือเก่า
WS115 ร861ภ ฉ.3 
  Barcode: 001268
ห้องสมุดวิทยาเขตสวรรค์ประชารักษ์
►ส่วนจัดเก็บหนังสือเก่า สปร
บนชั้น
  ขอยืม

รายการใกล้เคียง
    ผู้แต่ง [เรืองวิทย์ ตันติแพทยางกูร, บรรณาธิการ]

    หัวเรื่อง [โภชนาการเด็ก]
    หัวเรื่อง [กุมารเวชศาสตร์]

BibComment


ยังไม่เคยถูกคอมเมนท์

คอมเมนท์ทรัพยากรรายการนี้
  คอมเมนท์: โภชนาการเด็กร่วม..


 Copyright 2026. Bcnsprnw @Library